[Event "CZE-chT2A 2223"]
[Site "Czech Republic"]
[Date "2023.03.05"]
[Round "10.7"]
[White "Muron, Miroslav"]
[Black "Novak, Michal"]
[Result "1/2-1/2"]
[WhiteElo "2168"]
[BlackElo "2085"]
[PlyCount "83"]
[EventDate "2022.10.16"]
[EventType "team-tourn"]
[EventRounds "11"]
[EventCountry "CZE"]
[SourceTitle "EXT 2024"]
[Source "ChessBase"]
[SourceDate "2023.10.10"]
[SourceVersion "1"]
[SourceVersionDate "2023.10.10"]
[SourceQuality "1"]
[WhiteTeam "Praha Dukla"]
[BlackTeam "Line II"]
[WhiteTeamCountry "CZE"]
[BlackTeamCountry "CZE"]

1. e4 c5 2. Nc3 d6 3. g3 e6 4. Bg2 Nf6 5. d3 Be7 6. f4 Nc6 7. Nf3 Rb8 8. a4 0-0 9. 0-0 a6 10. h3 Nd4 11. Nxd4 cxd4 12. Ne2 e5 13. g4 Ne8 14. Ng3 exf4 15. Bxf4 Bf6 16. Qd2 Qb6 17. b3 Be5 18. Nf5 Be6 19. h4 Qc7 20. Rf2 Bxf5 21. exf5 Nf6 22. Bf3 d5 23. Bh2 Rbd8 24. Kh1 Rfe8 25. g5 Ne4 26. dxe4 dxe4 27. Qe2 exf3 28. Qxf3 Bxh2 29. Rxh2 Re3 30. Qg2 Rde8 31. Rf1 Rg3 32. Qf2 Qc6+ 33. Rg2 Ree3 34. Kg1 Rgf3 35. Qd2 Rxf1+ 36. Kxf1 Qf3+ 37. Kg1 Qe4 38. Qf2 Re1+ 39. Kh2 Re3 40. Kg1 Re1+ 41. Kh2 Re3 42. Kg1 1/2-1/2

[Event "CZE-chT2A 2223"]
[Site "Czech Republic"]
[Date "2023.01.22"]
[Round "7.7"]
[White "Novak, Michal"]
[Black "Chval, Zdenek"]
[Result "1/2-1/2"]
[WhiteElo "2084"]
[BlackElo "2063"]
[PlyCount "88"]
[EventDate "2022.10.16"]
[EventType "team-tourn"]
[EventRounds "11"]
[EventCountry "CZE"]
[SourceTitle "EXT 2024"]
[Source "ChessBase"]
[SourceDate "2023.10.10"]
[SourceVersion "1"]
[SourceVersionDate "2023.10.10"]
[SourceQuality "1"]
[WhiteTeam "Line II"]
[BlackTeam "Budejovice II"]
[WhiteTeamCountry "CZE"]
[BlackTeamCountry "CZE"]

1. d4 Nf6 2. Nf3 g6 3. Bf4 Bg7 4. e3 0-0 5. Bd3 d6 6. Nbd2 Nbd7 7. 0-0 Re8 8. e4 e5 9. dxe5 dxe5 10. Bg5 h6 11. Bxf6 Qxf6 12. Qe2 Nc5 13. Bc4 a5 14. Qe3 Bf8 15. Nb3 Nxb3 16. Qxb3 Bc5 17. Rad1 c6 18. Qc3 b6 19. a4 Kg7 20. Qd3 Bg4 21. h3 Rad8 22. Qe2 Bc8 23. c3 g5 24. Nh2 Qf4 25. Qf3 Qxf3 26. Nxf3 f6 27. Rfe1 h5 28. Kf1 Kf8 29. Ke2 Ke7 30. Kf1 Rh8 31. Rxd8 Kxd8 32. Rd1+ Kc7 33. Ne1 Bd7 34. Nd3 Bd6 35. Ke2 f5 36. exf5 Bxf5 37. f3 g4 38. Nf2 gxf3+ 39. gxf3 Bc5 40. Ne4 Bxh3 41. Rh1 Bf5 42. Nxc5 bxc5 43. Rh4 Kd6 44. Bf7 Rh7 1/2-1/2

[Event "Pilsen Region-chT 2223"]
[Site "Czech Republic"]
[Date "2022.11.27"]
[Round "4.4"]
[White "Novak, Michal"]
[Black "Kracik, Dobroslav"]
[Result "1/2-1/2"]
[WhiteElo "2098"]
[BlackElo "1979"]
[PlyCount "158"]
[EventDate "2022.10.09"]
[EventType "team-tourn"]
[EventRounds "11"]
[EventCountry "CZE"]
[SourceTitle "EXT 2024"]
[Source "ChessBase"]
[SourceDate "2023.10.10"]
[SourceVersion "1"]
[SourceVersionDate "2023.10.10"]
[SourceQuality "1"]
[WhiteTeam "Line IV"]
[BlackTeam "Line III"]
[WhiteTeamCountry "CZE"]
[BlackTeamCountry "CZE"]

1. e4 c5 2. Nf3 d6 3. d4 cxd4 4. Nxd4 Nf6 5. Nc3 a6 6. g3 e5 7. Nde2 b5 8. Bg2 Bb7 9. 0-0 Nbd7 10. Nd5 Nxd5 11. exd5 f5 12. Re1 Be7 13. f4 0-0 14. Be3 Bf6 15. c3 Kh8 16. a4 Qc7 17. axb5 axb5 18. Rxa8 Bxa8 19. fxe5 dxe5 20. Qd3 e4 21. Qxb5 Rb8 22. d6 Qxd6 23. Qxf5 Rxb2 24. Bxe4 g6 25. Qg4 Bxe4 26. Qxe4 Nc5 27. Qf3 Kg7 28. Bd4 Bxd4+ 29. Nxd4 Qf6 30. Qxf6+ Kxf6 31. Re2 Rb1+ 32. Kg2 Rc1 33. Rc2 Rd1 34. Kf3 h5 35. Ke2 Rh1 36. Nf3 g5 37. Ke3 g4 38. Nd4 Kg5 39. Rf2 Re1+ 40. Kd2 Re5 41. Re2 Rxe2+ 42. Nxe2 h4 43. Ke3 hxg3 44. hxg3 Kf5 45. Kd4 Ne6+ 46. Kd5 Nc7+ 47. Kc6 Ne8 48. Kd5 Nc7+ 49. Kd4 Ne6+ 50. Ke3 Nc5 51. c4 Ne4 52. Kd4 Nf6 53. c5 Ke6 54. Nf4+ Kd7 55. Ke5 Ne8 56. Kf5 Kc6 57. Nd3 Kd5 58. Kxg4 Kd4 59. Nf2 Kxc5 60. Kf5 Kd6 61. g4 Ke7 62. Kg6 Kf8 63. Ne4 Ng7 64. Ng3 Kg8 65. Kf6 Ne8+ 66. Ke7 Nc7 67. Nf5 Nd5+ 68. Ke6 Nf4+ 69. Kf6 Nh3 70. Kg6 Kf8 71. Kh5 Kf7 72. Kh4 Nf4 73. Nd4 Kg6 74. Kg3 Nd5 75. Nf3 Nf6 76. Ne5+ Kg5 77. Nf7+ Kg6 78. g5 Kxf7 79. gxf6 Kxf6 1/2-1/2

[Event "CZE-chT2A 1516"]
[Site "Czech Republic"]
[Date "2016.04.03"]
[Round "10.5"]
[White "Fryc, Miroslav"]
[Black "Novak, Michal"]
[Result "0-1"]
[WhiteElo "2150"]
[BlackElo "2156"]
[PlyCount "70"]
[EventDate "2015.10.18"]
[EventType "team-tourn"]
[EventRounds "11"]
[EventCountry "CZE"]
[SourceTitle "EXT 2022"]
[Source "ChessBase"]
[SourceDate "2021.10.06"]
[SourceVersion "1"]
[SourceVersionDate "2021.10.06"]
[SourceQuality "1"]
[WhiteTeam "Karlovy Vary Tietz"]
[BlackTeam "Line"]
[WhiteTeamCountry "CZE"]
[BlackTeamCountry "CZE"]

1. e4 c5 2. Nc3 Nc6 3. g3 e6 4. Bg2 d6 5. d3 Nf6 6. Nge2 Be7 7. 0-0 0-0 8. h3 d5 9. exd5 exd5 10. d4 cxd4 11. Nxd4 Bc5 12. Be3 Bb6 13. Kh2 Be6 14. Na4 Bxd4 15. Bxd4 Rc8 16. Nc5 Nxd4 17. Qxd4 b6 18. Nxe6 fxe6 19. c3 Qd6 20. f4 Rc4 21. Qe3 Re8 22. Rfe1 Qc5 23. Qe5 Qc7 24. Rad1 Rc5 25. Qe3 Qc8 26. Re2 Qc7 27. Bf3 a5 28. Kg2 b5 29. a3 Rc4 30. Qd2 Qb6 31. Rde1 Qd6 32. Re5 Kf7 33. f5 Ne4 34. fxe6+ Rxe6 35. Rxe6 Qxg3+ 0-1

[Event "CZE-chT2A 1516"]
[Site "Czech Republic"]
[Date "2016.01.24"]
[Round "6.4"]
[White "Novak, Michal"]
[Black "Muron, Miroslav"]
[Result "0-1"]
[WhiteElo "2156"]
[BlackElo "2227"]
[PlyCount "108"]
[EventDate "2015.10.18"]
[EventType "team-tourn"]
[EventRounds "11"]
[EventCountry "CZE"]
[SourceTitle "EXT 2022"]
[Source "ChessBase"]
[SourceDate "2021.10.06"]
[SourceVersion "1"]
[SourceVersionDate "2021.10.06"]
[SourceQuality "1"]
[WhiteTeam "Line"]
[BlackTeam "Praha Dukla"]
[WhiteTeamCountry "CZE"]
[BlackTeamCountry "CZE"]

1. d4 Nf6 2. Nf3 g6 3. Nc3 d5 4. Bf4 Bg7 5. e3 0-0 6. h3 c5 7. Be2 Nc6 8. 0-0 Ne4 9. Bb5 cxd4 10. exd4 Nxc3 11. bxc3 Bd7 12. c4 a6 13. Bxc6 Bxc6 14. c5 Re8 15. Qd2 b6 16. cxb6 Qxb6 17. Rab1 Qa7 18. Rfe1 Rac8 19. Qb4 Bb5 20. c3 Qd7 21. Qb2 Qf5 22. Qd2 h5 23. Rb4 Rc4 24. Rxc4 Bxc4 25. a3 Qd3 26. Qxd3 Bxd3 27. Ne5 Bb5 28. Nf3 f6 29. Bc7 Kf7 30. h4 e6 31. Ba5 Rc8 32. Rc1 Bh6 33. Rc2 Bf4 34. g3 Bd6 35. Bb4 Bc7 36. Kg2 Bd3 37. Rc1 Be4 38. c4 Bb8 39. Rc3 Rxc4 40. Re3 Rxd4 41. Kf1 Rd3 42. Rxd3 Bxd3+ 43. Ke1 e5 44. Kd2 Bb5 45. Bc5 Ke6 46. Ne1 d4 47. Nc2 Kd5 48. Be7 f5 49. Bf8 a5 50. Be7 Bc7 51. Bf8 e4 52. Be7 f4 53. gxf4 Bxf4+ 54. Kd1 Ba4 0-1

[Event "CZE-chT2A 1415"]
[Site "Czech Republic"]
[Date "2015.04.19"]
[Round "11.3"]
[White "Ptak, Pavel"]
[Black "Novak, Michal"]
[Result "1-0"]
[WhiteElo "2100"]
[BlackElo "2143"]
[PlyCount "71"]
[EventDate "2014.11.02"]
[EventType "team-tourn"]
[EventRounds "11"]
[EventCountry "CZE"]
[SourceTitle "EXT 2022"]
[Source "ChessBase"]
[SourceDate "2021.10.06"]
[SourceVersion "1"]
[SourceVersionDate "2021.10.06"]
[SourceQuality "1"]
[WhiteTeam "Pisek"]
[BlackTeam "Line"]
[WhiteTeamCountry "CZE"]
[BlackTeamCountry "CZE"]

1. d4 Nf6 2. g3 d5 3. Nf3 e6 4. Bg2 Be7 5. c4 0-0 6. 0-0 c6 7. Qc2 Nbd7 8. Rd1 Re8 9. Nbd2 Bf8 10. e4 dxe4 11. Nxe4 Nxe4 12. Qxe4 Nf6 13. Qc2 Qa5 14. Ne5 Nd7 15. Bd2 Qc7 16. Nf3 b6 17. Bc3 Bb7 18. b4 Be7 19. a4 a5 20. bxa5 bxa5 21. Bd2 c5 22. Bf4 Bd6 23. Bxd6 Qxd6 24. Ng5 Bxg2 25. Qxh7+ Kf8 26. Kxg2 cxd4 27. Qh8+ Ke7 28. Qxg7 Ne5 29. Ne4 Qc7 30. Qf6+ Kf8 31. Rxd4 Rad8 32. Rad1 Rxd4 33. Rxd4 Nxc4 34. Rxc4 Qxc4 35. Qh8+ Ke7 36. Qxe8+ 1-0

[Event "CZE-chT2A 1415"]
[Site "Czech Republic"]
[Date "2014.11.16"]
[Round "2.4"]
[White "Folkova, Martina"]
[Black "Novak, Michal"]
[Result "1/2-1/2"]
[WhiteElo "2166"]
[BlackElo "2143"]
[PlyCount "84"]
[EventDate "2014.11.02"]
[EventType "team-tourn"]
[EventRounds "11"]
[EventCountry "CZE"]
[SourceTitle "EXT 2022"]
[Source "ChessBase"]
[SourceDate "2021.10.06"]
[SourceVersion "1"]
[SourceVersionDate "2021.10.06"]
[SourceQuality "1"]
[WhiteTeam "Kozolupy"]
[BlackTeam "Line"]
[WhiteTeamCountry "CZE"]
[BlackTeamCountry "CZE"]

1. e4 c5 2. Nf3 a6 3. d4 cxd4 4. Nxd4 Nf6 5. Nc3 e5 6. Nf3 Bb4 7. Bd2 d6 8. Bd3 Be6 9. 0-0 0-0 10. h3 Nbd7 11. a3 Bc5 12. Qe2 Qc7 13. Ng5 b5 14. a4 b4 15. Nd1 a5 16. Ne3 Bxe3 17. Bxe3 Nc5 18. Nxe6 fxe6 19. f3 Nh5 20. Rfd1 Nf4 21. Qf2 Nfxd3 22. cxd3 Nb3 23. Rab1 Qc6 24. d4 Qxa4 25. dxe5 dxe5 26. Qg3 Qb5 27. Rd6 Nd4 28. Bxd4 exd4 29. Rxd4 Rad8 30. Rbd1 Qc5 31. Qf2 Rxd4 32. Qxd4 Rc8 33. Qxc5 Rxc5 34. Rd2 a4 35. Kf2 a3 36. bxa3 bxa3 37. Rd8+ Kf7 38. Ra8 Rc2+ 39. Ke3 a2 40. g4 g5 41. f4 gxf4+ 42. Kxf4 h6 1/2-1/2

[Event "CZE-chT2A 1314"]
[Site "Czech Republic"]
[Date "2013.12.15"]
[Round "4.8"]
[White "Lamser, Jan"]
[Black "Novak, Michal"]
[Result "1/2-1/2"]
[WhiteElo "2173"]
[BlackElo "2127"]
[PlyCount "88"]
[EventDate "2013.11.03"]
[EventType "team-tourn"]
[EventRounds "11"]
[EventCountry "CZE"]
[SourceTitle "EXT 2015"]
[Source "ChessBase"]
[SourceDate "2014.11.20"]
[SourceVersion "1"]
[SourceVersionDate "2014.11.20"]
[SourceQuality "1"]
[WhiteTeam "Postovni sporitelna II"]
[BlackTeam "Kozolupy"]
[WhiteTeamCountry "CZE"]
[BlackTeamCountry "CZE"]

1. Nf3 Nf6 2. d4 d5 3. c4 e6 4. Nc3 Be7 5. Bf4 c6 6. e3 Nbd7 7. h3 0-0 8. Qc2 Re8 9. Bd3 Nf8 10. a3 dxc4 11. Bxc4 Nd5 12. Bg3 Nxc3 13. Qxc3 Bd6 14. Bxd6 Qxd6 15. 0-0 b6 16. Rfd1 Bb7 17. Be2 Rac8 18. b4 Qe7 19. a4 Ng6 20. Rac1 h6 21. Qb2 Rc7 22. Kf1 e5 23. dxe5 Nxe5 24. Qxe5 Qxe5 25. Nxe5 Rxe5 26. Rd8+ Kh7 27. Bf3 c5 28. Bxb7 Rxb7 29. bxc5 Rxc5 30. Rxc5 bxc5 31. Ke2 Rb4 32. Rd7 Rxa4 33. Rxf7 a5 34. Kd3 Kg6 35. Rf8 Rb4 36. Kc3 a4 37. Ra8 Rb3+ 38. Kc2 Rb4 39. g4 Kf6 40. Ra5 Ke6 41. Rxc5 a3 42. Ra5 Rb2+ 43. Kd3 Rxf2 44. Rxa3 Rh2 1/2-1/2

[Event "CZE-chT2A 1314"]
[Site "Czech Republic"]
[Date "2013.12.01"]
[Round "3.5"]
[White "Holes, Michal"]
[Black "Novak, Michal"]
[Result "1/2-1/2"]
[WhiteElo "2018"]
[BlackElo "2127"]
[PlyCount "47"]
[EventDate "2013.11.03"]
[EventType "team-tourn"]
[EventRounds "11"]
[EventCountry "CZE"]
[SourceTitle "EXT 2015"]
[Source "ChessBase"]
[SourceDate "2014.11.20"]
[SourceVersion "1"]
[SourceVersionDate "2014.11.20"]
[SourceQuality "1"]
[WhiteTeam "Karlovy Vary II"]
[BlackTeam "Kozolupy"]
[WhiteTeamCountry "CZE"]
[BlackTeamCountry "CZE"]

1. e4 c5 2. Nf3 a6 3. c3 d5 4. exd5 Qxd5 5. d4 e6 6. Be2 cxd4 7. cxd4 Nf6 8. Nc3 Qd6 9. Ne5 Nc6 10. Bf4 Qxd4 11. Nxc6 Qxd1+ 12. Rxd1 bxc6 13. 0-0 Be7 14. Rc1 0-0 15. Rfd1 Rd8 16. Rxd8+ Bxd8 17. Bg5 h6 18. Rd1 Be7 19. Bxf6 Bxf6 20. Rd6 c5 21. Na4 Be7 22. Rb6 Bd7 23. Bf3 Rd8 24. Rxa6 1/2-1/2

[Event "Kesarovski Georgiev Memorial-B 12th"]
[Site "Sunny Beach"]
[Date "2013.09.06"]
[Round "7"]
[White "Novak, Michal"]
[Black "Dimov, Danail"]
[Result "1/2-1/2"]
[WhiteElo "2146"]
[BlackElo "1905"]
[PlyCount "41"]
[EventDate "2013.08.31"]
[EventType "swiss"]
[EventRounds "9"]
[EventCountry "BUL"]
[SourceTitle "CBM 156 Extra"]
[Source "ChessBase"]
[SourceDate "2013.10.22"]
[SourceVersion "1"]
[SourceVersionDate "2013.10.22"]
[SourceQuality "1"]

1. d4 Nf6 2. Nf3 g6 3. e3 Bg7 4. b3 0-0 5. Bb2 d6 6. Bd3 Nbd7 7. c4 e5 8. Nbd2 Re8 9. dxe5 Ng4 10. Qc2 Ngxe5 11. Be2 Nxf3+ 12. Nxf3 Bxb2 13. Qxb2 Qf6 14. Qxf6 Nxf6 15. 0-0 a5 16. Nd4 Bg4 17. Bxg4 Nxg4 18. Nb5 Re7 19. Rfd1 Nf6 20. Nc3 Kg7 21. Nd5 1/2-1/2

[Event "Kesarovski Georgiev Memorial-B 12th"]
[Site "Sunny Beach"]
[Date "2013.09.05"]
[Round "6"]
[White "Karaivanov, Aleksander"]
[Black "Novak, Michal"]
[Result "1/2-1/2"]
[WhiteElo "1940"]
[BlackElo "2146"]
[PlyCount "63"]
[EventDate "2013.08.31"]
[EventType "swiss"]
[EventRounds "9"]
[EventCountry "BUL"]
[SourceTitle "CBM 156 Extra"]
[Source "ChessBase"]
[SourceDate "2013.10.22"]
[SourceVersion "1"]
[SourceVersionDate "2013.10.22"]
[SourceQuality "1"]

1. d4 Nf6 2. Nf3 d5 3. Bg5 e6 4. e3 h6 5. Bh4 Be7 6. Bd3 Nbd7 7. Nbd2 c5 8. c3 b6 9. Ne5 Nxe5 10. dxe5 Nd7 11. Bxe7 Qxe7 12. f4 Bb7 13. 0-0 0-0 14. Qh5 Rfd8 15. Nf3 Nf8 16. h3 Bc6 17. g4 Be8 18. Rf2 f5 19. exf6 Qxf6 20. Qe5 Bg6 21. Qxf6 gxf6 22. Rd1 Rd6 23. Rfd2 Bxd3 24. Rxd3 Rad8 25. Nh4 Kf7 26. Kf2 Ng6 27. Nxg6 Kxg6 28. Kf3 e5 29. f5+ Kf7 30. R3d2 R6d7 31. Rg1 Rg8 32. Rgd1 1/2-1/2

[Event "Kesarovski Georgiev Memorial-B 12th"]
[Site "Sunny Beach"]
[Date "2013.09.02"]
[Round "3"]
[White "Novak, Michal"]
[Black "Hincu, Olga"]
[Result "1-0"]
[WhiteElo "2146"]
[BlackElo "1969"]
[PlyCount "59"]
[EventDate "2013.08.31"]
[EventType "swiss"]
[EventRounds "9"]
[EventCountry "BUL"]
[SourceTitle "CBM 156 Extra"]
[Source "ChessBase"]
[SourceDate "2013.10.22"]
[SourceVersion "1"]
[SourceVersionDate "2013.10.22"]
[SourceQuality "1"]

1. e4 e6 2. d4 d5 3. Nd2 Nf6 4. e5 Nfd7 5. Bd3 c5 6. c3 Nc6 7. Ne2 cxd4 8. cxd4 f6 9. exf6 Qxf6 10. Nf3 h6 11. 0-0 Bd6 12. Ng3 0-0 13. a3 Rf7 14. b4 a6 15. Bb2 Nf8 16. Qe2 Rc7 17. Ne5 Bd7 18. f4 Qh4 19. Rad1 Be8 20. Bb1 Ne7 21. Rf2 Bb5 22. Qf3 Bc4 23. f5 exf5 24. Nxf5 Nxf5 25. Qxf5 Bxe5 26. dxe5 Qe7 27. Bd4 Qe6 28. Bc5 Rf7 29. Qxe6 Nxe6 30. Bh7+ 1-0

[Event "Pardubice op rap 24th"]
[Site "Pardubice"]
[Date "2013.07.18"]
[Round "9"]
[White "Jares, Jiri"]
[Black "Novak, Michal"]
[Result "1-0"]
[WhiteElo "1983"]
[BlackElo "2146"]
[PlyCount "47"]
[EventDate "2013.07.17"]
[EventType "swiss (rapid)"]
[EventRounds "9"]
[EventCountry "CZE"]
[SourceTitle "CBM 155 Extra"]
[Source "ChessBase"]
[SourceDate "2013.08.26"]
[SourceVersion "1"]
[SourceVersionDate "2013.08.26"]
[SourceQuality "1"]

1. d4 Nf6 2. Nf3 d5 3. g3 Bf5 4. Bg2 e6 5. 0-0 c5 6. c4 dxc4 7. Ne5 Qb6 8. Qa4+ Nfd7 9. Nxc4 Qc7 10. Bf4 Qc8 11. Nc3 Be7 12. Nb5 0-0 13. Nbd6 Bxd6 14. Nxd6 Qd8 15. Nxb7 Qb6 16. Nd6 g5 17. Nxf5 exf5 18. Bxg5 Qa6 19. Qxa6 Nxa6 20. Bxa8 Rxa8 21. dxc5 Ndxc5 22. Rfd1 Re8 23. Rd8 Rxd8 24. Bxd8 1-0

[Event "Pardubice op rap 24th"]
[Site "Pardubice"]
[Date "2013.07.18"]
[Round "4"]
[White "Le Ruyet, Leopold"]
[Black "Novak, Michal"]
[Result "1-0"]
[WhiteElo "2273"]
[BlackElo "2146"]
[PlyCount "73"]
[EventDate "2013.07.17"]
[EventType "swiss (rapid)"]
[EventRounds "9"]
[EventCountry "CZE"]
[SourceTitle "CBM 155 Extra"]
[Source "ChessBase"]
[SourceDate "2013.08.26"]
[SourceVersion "1"]
[SourceVersionDate "2013.08.26"]
[SourceQuality "1"]

1. e4 c5 2. Nf3 d6 3. c3 Nf6 4. Be2 Nc6 5. d4 cxd4 6. cxd4 e6 7. Nc3 Be7 8. 0-0 0-0 9. h3 a6 10. a4 b6 11. Be3 Bb7 12. d5 exd5 13. Nxd5 Nxd5 14. Qxd5 Na5 15. Qf5 Bf6 16. Rfd1 Qe7 17. Bxb6 Nb3 18. Ra3 Bxe4 19. Qg4 Bc2 20. Re1 Qb7 21. a5 Rac8 22. Qb4 Bxb2 23. Rxb3 Bxb3 24. Qxb3 Bc3 25. Rb1 Rfe8 26. Bc4 Bf6 27. Bd5 Qd7 28. Qd3 Bd8 29. Bxd8 Qxd8 30. Qf5 Rc7 31. Ng5 Re5 32. Qxh7+ Kf8 33. Qh8+ Ke7 34. Qxd8+ Kxd8 35. Nxf7+ Ke7 36. Nxe5 dxe5 37. Rb7 1-0

[Event "Pardubice op rap 24th"]
[Site "Pardubice"]
[Date "2013.07.18"]
[Round "5"]
[White "Praczukowski, Stanislaw"]
[Black "Novak, Michal"]
[Result "1/2-1/2"]
[WhiteElo "1848"]
[BlackElo "2146"]
[PlyCount "180"]
[EventDate "2013.07.17"]
[EventType "swiss (rapid)"]
[EventRounds "9"]
[EventCountry "CZE"]
[SourceTitle "CBM 155 Extra"]
[Source "ChessBase"]
[SourceDate "2013.08.26"]
[SourceVersion "1"]
[SourceVersionDate "2013.08.26"]
[SourceQuality "1"]

1. d4 Nf6 2. c4 e6 3. g3 d5 4. Nf3 Be7 5. Bg2 0-0 6. 0-0 c5 7. cxd5 exd5 8. Nc3 c4 9. Ne5 Nc6 10. Nxc6 bxc6 11. e4 Be6 12. e5 Ne8 13. Be3 Qd7 14. b3 cxb3 15. axb3 a5 16. Na4 Qb7 17. f4 g6 18. Nc5 Bxc5 19. dxc5 Ng7 20. g4 Rfb8 21. f5 gxf5 22. gxf5 Nxf5 23. Bg5 Qxb3 24. Qh5 Qc3 25. Bf6 Kf8 26. Qxh7 Ke8 27. Rac1 Qe3+ 28. Kh1 Qh6 29. Qxh6 Nxh6 30. Bg5 Nf5 31. Bh3 Ng7 32. Bxe6 Nxe6 33. Bf6 a4 34. Rg1 Kd7 35. Rc2 a3 36. Ra2 Rb2 37. Rg2 Rxa2 38. Rxa2 Nxc5 39. Bg5 Ke6 40. Bc1 Ne4 41. Bxa3 Rc8 42. Bd6 Nxd6 43. exd6 Kxd6 44. Kg2 c5 45. Kf3 Re8 46. h4 Re5 47. Ra6+ Ke7 48. Kf4 Re1 49. Ra5 Rf1+ 50. Ke5 d4 51. Rxc5 d3 52. Rd5 f6+ 53. Ke4 Rh1 54. Rxd3 Rxh4+ 55. Kf5 Rh5+ 56. Ke4 Re5+ 57. Kf4 Kf7 58. Rd7+ Kg6 59. Rd6 Ra5 60. Rb6 Ra4+ 61. Kf3 Kg5 62. Rb5+ f5 63. Kg3 Ra3+ 64. Kg2 Kg4 65. Rb4+ f4 66. Rb8 Ra2+ 67. Kg1 Kg3 68. Rg8+ Kf3 69. Rb8 Ra1+ 70. Kh2 Kf2 71. Rb2+ Kf1 72. Kh3 Ra3+ 73. Kg4 f3 74. Kg3 f2+ 75. Kh2 Rd3 76. Rb1+ Ke2 77. Kg2 Rd2 78. Rf1 Ke3 79. Kg3 Rd8 80. Ra1 Rg8+ 81. Kh2 Ra8 82. Rb1 Rh8+ 83. Kg2 Rg8+ 84. Kh2 Ke2 85. Rb2+ Kf3 86. Rb3+ Ke4 87. Rb4+ Ke5 88. Rb5+ Kd4 89. Rb4+ Kc3 90. Rf4 Rh8+ 1/2-1/2

[Event "Pardubice op rap 24th"]
[Site "Pardubice"]
[Date "2013.07.17"]
[Round "1"]
[White "Novak, Michal"]
[Black "Sochacki, Christophe"]
[Result "0-1"]
[WhiteElo "2146"]
[BlackElo "2459"]
[PlyCount "58"]
[EventDate "2013.07.17"]
[EventType "swiss (rapid)"]
[EventRounds "9"]
[EventCountry "CZE"]
[SourceTitle "CBM 155 Extra"]
[Source "ChessBase"]
[SourceDate "2013.08.26"]
[SourceVersion "1"]
[SourceVersionDate "2013.08.26"]
[SourceQuality "1"]

1. e4 c5 2. Nf3 d6 3. d4 cxd4 4. Nxd4 Nf6 5. Nc3 g6 6. g3 Bg7 7. Bg2 0-0 8. 0-0 Nc6 9. Nde2 Bd7 10. h3 a6 11. a4 Re8 12. Be3 Na5 13. Qd3 Qc8 14. Kh2 Nc4 15. Bc1 b5 16. axb5 axb5 17. Rxa8 Qxa8 18. b3 Ne5 19. Qd1 b4 20. Nd5 Nxd5 21. exd5 Bb5 22. f4 Nd7 23. Bd2 Qa3 24. Rf3 Rc8 25. c4 bxc3 26. Nxc3 Ba6 27. Ne4 Qb2 28. Ba5 Rc2 29. Nd2 Rc1 0-1

[Event "CZE-chT2A 1112"]
[Site "Czech Republic"]
[Date "2012.02.19"]
[Round "8"]
[White "Novak, Michal"]
[Black "Sedivy, Roman"]
[Result "1-0"]
[WhiteElo "2125"]
[BlackElo "1813"]
[PlyCount "57"]
[EventDate "2011.10.09"]
[EventType "team-tourn"]
[EventRounds "11"]
[EventCountry "CZE"]
[SourceTitle "EXT 2013"]
[Source "ChessBase"]
[SourceDate "2012.11.22"]
[SourceVersion "1"]
[SourceVersionDate "2012.11.22"]
[SourceQuality "1"]
[WhiteTeam "Plzen Sokol"]
[BlackTeam "Cesky Krumlov"]
[WhiteTeamCountry "CZE"]
[BlackTeamCountry "CZE"]

1. e4 e5 2. Nf3 d6 3. Nc3 Nf6 4. d4 exd4 5. Nxd4 Be7 6. Be2 0-0 7. 0-0 Re8 8. f4 Nbd7 9. Bf3 c6 10. Kh1 Qc7 11. Qe1 Nf8 12. Qg3 Be6 13. b3 Ng6 14. f5 Qa5 15. Bb2 Bxf5 16. Nxf5 Bf8 17. Nxd6 Re7 18. Nc4 Qd8 19. Rad1 Rd7 20. Rxd7 Qxd7 21. e5 Nd5 22. Nxd5 cxd5 23. Nd6 Bxd6 24. exd6 Rd8 25. Bxd5 Rf8 26. h4 Qb5 27. c4 Qc5 28. Qc3 Qxd6 29. Qxg7# 1-0

[Event "CZE-chT2A 1112"]
[Site "Czech Republic"]
[Date "2011.11.20"]
[Round "3"]
[White "Vohnout, Pavel"]
[Black "Novak, Michal"]
[Result "0-1"]
[WhiteElo "2057"]
[BlackElo "2125"]
[PlyCount "62"]
[EventDate "2011.10.09"]
[EventType "team-tourn"]
[EventRounds "11"]
[EventCountry "CZE"]
[SourceTitle "EXT 2013"]
[Source "ChessBase"]
[SourceDate "2012.11.22"]
[SourceVersion "1"]
[SourceVersionDate "2012.11.22"]
[SourceQuality "1"]
[WhiteTeam "Zizkov"]
[BlackTeam "Plzen Sokol"]
[WhiteTeamCountry "CZE"]
[BlackTeamCountry "CZE"]

1. e4 c5 2. c3 d5 3. exd5 Qxd5 4. d4 e6 5. Nf3 Nf6 6. Nbd2 cxd4 7. Nxd4 Be7 8. Qf3 Bd7 9. Bc4 Qxf3 10. N2xf3 Nc6 11. 0-0 0-0 12. Bg5 h6 13. Bh4 Rfd8 14. Rfd1 a6 15. Kf1 Rac8 16. Be2 Kf8 17. c4 g5 18. Bg3 Ne4 19. Rac1 Nxg3+ 20. hxg3 Bf6 21. Nb3 Bxb2 22. Rb1 Ba3 23. Nbd2 Na5 24. Ne4 Ba4 25. Rxd8+ Rxd8 26. Nc3 Bc2 27. Rb6 Bd3 28. Ne5 Bxe2+ 29. Kxe2 Bc5 30. Rb1 Bd4 31. Rd1 Ke8 0-1

[Event "Sunny Beach op 10th"]
[Site "Sunny Beach"]
[Date "2011.09.01"]
[Round "6"]
[White "Koepke, Elena"]
[Black "Novak, Michal"]
[Result "1-0"]
[WhiteElo "2322"]
[BlackElo "2125"]
[PlyCount "119"]
[EventDate "2011.08.27"]
[EventType "swiss"]
[EventRounds "9"]
[EventCountry "BUL"]
[SourceTitle "CBM 144 Extra"]
[Source "ChessBase"]
[SourceDate "2011.10.28"]
[SourceVersion "1"]
[SourceVersionDate "2011.10.28"]
[SourceQuality "1"]

1. e4 c5 2. Nc3 Nc6 3. f4 d6 4. Nf3 e6 5. Bb5 Bd7 6. 0-0 Qc7 7. f5 Nf6 8. Bxc6 bxc6 9. fxe6 Bxe6 10. d4 cxd4 11. Nxd4 Be7 12. Bf4 0-0 13. Kh1 Ne8 14. Qd2 Rd8 15. Bg5 Bxg5 16. Qxg5 Rb8 17. b3 c5 18. Nf5 Bxf5 19. Rxf5 f6 20. Qg3 Qd7 21. Rd1 Qe6 22. Qd3 g6 23. Rff1 Rb4 24. Qf3 Rf7 25. a3 Rb8 26. Nd5 Qe5 27. Qd3 Kg7 28. h3 Qb2 29. a4 Qe5 30. Rfe1 Rd8 31. Ne3 Rfd7 32. Qc4 Nc7 33. Ng4 Qg5 34. Rf1 Ne8 35. Rd5 Qh4 36. Kh2 f5 37. Qc3+ Kg8 38. exf5 h5 39. g3 Qg5 40. fxg6 Qxg6 41. Nf6+ Nxf6 42. Rxf6 Qg7 43. Qf3 Re7 44. Rdxd6 Rxd6 45. Rxd6 Qe5 46. Rd8+ Kh7 47. Rd2 h4 48. Qg4 hxg3+ 49. Qxg3 Qxg3+ 50. Kxg3 Re3+ 51. Kg4 Rc3 52. h4 a5 53. h5 c4 54. Rd7+ Kh6 55. Rd6+ Kh7 56. Rc6 Rxc2 57. Rxc4 Rg2+ 58. Kh4 Rb2 59. Rc7+ Kh6 60. Rc6+ 1-0

[Event "CZE-chT2A 1011"]
[Site "Czech Republic"]
[Date "2011.01.23"]
[Round "6"]
[White "Novak, Michal"]
[Black "Kotrba, Tomas"]
[Result "1/2-1/2"]
[WhiteElo "2165"]
[BlackElo "2135"]
[PlyCount "22"]
[EventDate "2010.10.17"]
[EventType "team-tourn"]
[EventRounds "11"]
[EventCountry "CZE"]
[SourceTitle "EXT 2012"]
[Source "ChessBase"]
[SourceDate "2011.11.24"]
[SourceVersion "1"]
[SourceVersionDate "2011.11.24"]
[SourceQuality "1"]
[WhiteTeam "Plzen Sokol"]
[BlackTeam "Zizkov"]
[WhiteTeamCountry "CZE"]
[BlackTeamCountry "CZE"]

1. e4 d5 2. exd5 Nf6 3. c4 c6 4. d4 cxd5 5. Nc3 e6 6. Nf3 Be7 7. Bd3 dxc4 8. Bxc4 0-0 9. 0-0 a6 10. a4 Nc6 11. d5 exd5 1/2-1/2